ENERGY ENVIRONMENTAL ENERGY (Record no. 8885)
[ view plain ]
| 000 -LEADER | |
|---|---|
| fixed length control field | 00310nam a2200133Ia 4500 |
| 003 - CONTROL NUMBER IDENTIFIER | |
| control field | OSt |
| 005 - DATE AND TIME OF LATEST TRANSACTION | |
| control field | 20240228153631.0 |
| 008 - FIXED-LENGTH DATA ELEMENTS--GENERAL INFORMATION | |
| fixed length control field | 170524s9999 xx 000 0 und d |
| 020 ## - INTERNATIONAL STANDARD BOOK NUMBER | |
| International Standard Book Number | 978-8179681336 |
| 040 ## - CATALOGING SOURCE | |
| Transcribing agency | IIMT UNIVERSITY |
| 100 ## - MAIN ENTRY--PERSONAL NAME | |
| Personal name | DR GUPTA KM |
| 245 #0 - TITLE STATEMENT | |
| Title | ENERGY ENVIRONMENTAL ENERGY |
| 942 ## - ADDED ENTRY ELEMENTS (KOHA) | |
| Source of classification or shelving scheme | |
| Koha item type | Book Bank |
| Withdrawn status | Lost status | Source of classification or shelving scheme | Damaged status | Not for loan | Home library | Current library | Date acquired | Full call number | Barcode | Date last seen | Uniform Resource Identifier | Price effective from | Koha item type | Total Checkouts | Date last checked out | Checked out |
|---|---|---|---|---|---|---|---|---|---|---|---|---|---|---|---|---|
| IIMT University Central Library Meerut | IIMT University Central Library Meerut | 05/31/2017 | R | 01-B-93414 | 05/31/2017 | ENVIRONMENTAL SCIENCE | 05/31/2017 | Reference Book | ||||||||
| IIMT University Central Library Meerut | IIMT University Central Library Meerut | 05/31/2017 | 01-B-93415 | 02/03/2025 | ENVIRONMENTAL SCIENCE | 05/31/2017 | Book Bank | 5 | 11/18/2024 | |||||||
| IIMT University Central Library Meerut | IIMT University Central Library Meerut | 05/31/2017 | 01-B-93416 | 02/17/2026 | ENVIRONMENTAL SCIENCE | 05/31/2017 | Book Bank | 7 | 02/17/2026 | 07/31/2026 | ||||||
| IIMT University Central Library Meerut | IIMT University Central Library Meerut | 05/31/2017 | 01-B-93417 | 01/31/2025 | ENVIRONMENTAL SCIENCE | 05/31/2017 | Book Bank | 7 | 11/27/2024 | |||||||
| IIMT University Central Library Meerut | IIMT University Central Library Meerut | 05/31/2017 | 01-B-93418 | 10/17/2024 | ENVIRONMENTAL SCIENCE | 05/31/2017 | Book Bank | 7 | 10/17/2024 | 01/31/2025 |

